Guess the kpop idol #5 - Statistics

General Stats
  • This quiz has been taken 156 times
  • The average score is 11 of 16
Answer Stats
Picture Answer % Correct
Jennie
96%
Bangchan
95%
V
91%
Ni-ki
90%
Yeonjun
88%
San
87%
Karina
83%
Yuna
81%
Yunjin
78%
Gaeul
69%
Haerin
68%
Tzuyu
63%
Intak
45%
Iroha
44%
Yves
30%
Xiaoting
21%
No matching quizzes found
Score Distribution
Percent of People with Each Score
Percentile by Number Answered
Your Score History
You have not taken this quiz